| 000 | 01796nam0a2200373 4500 | ||
|---|---|---|---|
| 001 | RU\NLR\bibl\881920 | ||
| 005 | 20260406123643.0 | ||
| 010 |
_a5-17-031081-1 _bв пер. _92000 |
||
| 010 |
_a985-13-4368-4 _bООО "Харвест" |
||
| 021 |
_aRU _b2005-49625 _92414 |
||
| 035 | _a(nilc)RSL-KNO-002691322 | ||
| 035 | _a(NLR Aleph) 000870481 | ||
| 090 |
_a1596362 _c1596362 |
||
| 100 | _a20050801d2005 |||y0rusy50 ca | ||
| 101 | 1 |
_arus _ceng |
|
| 102 | _aRU | ||
| 105 | _ay ||||||||| | ||
| 106 | _ar | ||
| 200 | 1 |
_aБесплодные земли _e[фантаст. роман] _fС. Кинг _g[ пер. с англ. Т. Покидаевой] |
|
| 210 |
_aМ. _cАСТ _d2005 _eМинск _gОАО Полигр. комб. им. Я. Коласа |
||
| 215 |
_a605, [1] с. _d21 |
||
| 225 | 1 | _aМировая классика | |
| 311 | _aЦикл "Темная Башня" | ||
| 422 | 0 |
_12001#$aТемная башня$eцикл _tТемная башня |
|
| 610 | 0 | _aФилологические науки. Художественная литература -- США -- Американская литература -- с 1945 г. -- Произведения художественной литературы -- Художественная проза -- Романы. Повести. Рассказы -- Фантастические и мистические романы, повести, рассказы. Романы ужасов | |
| 686 |
_aШ5(7США)62-644.5 _2rubbk |
||
| 686 | _aШ6(7США)67-445{Лх1979-62} | ||
| 700 | 1 |
_4070 _7ca _8rus _aКинг _bС. _f1947- _gСтивен _3RU\NLR\auth\77848 _9110885 |
|
| 801 | 0 |
_aRU _bRuMoRKP _c20050801 _grcr |
|
| 801 | 1 |
_aRU _bRuMoRGB _c20050801 |
|
| 801 | 2 |
_aRU _bNLR _c20051201 _grcr |
|
| 942 | _cBOOK | ||
| 980 | _aNB | ||